| 000 | 00608nam a2200241Ia 4500 | ||
|---|---|---|---|
| 005 | 20250425162558.0 | ||
| 008 | 250425s9999 xx 000 0 und d | ||
| 041 | _aspa | ||
| 043 | _ack | ||
| 082 | _a516.22 | ||
| 100 | _aBARNETT, RICH | ||
| 245 | 0 | _aTEORIA Y PROBLEMAS DE GEOMETRIA PLANA CON GEOMETRÍA DE COORDENADAS | |
| 250 | _a1A ED. | ||
| 260 | _aCALI | ||
| 260 |
_aColombia _bMCGRAW-HILL _c1970 |
||
| 300 | _a234 | ||
| 650 | _aCOORDENADAS | ||
| 650 | _aGEOMETRIA PLANA | ||
| 650 | _aMATEMATICAS-GEOMETRIA | ||
| 700 |
_aVICTOR ARIZA PRADA _etraductor |
||
| 942 | _c01 | ||
| 010 | _a86957 | ||
| 999 |
_c232130 _d232130 |
||